Βασικές δεξιότητες χρήσης τεχνολογιών πληροφορίας & επικοινωνίας
Αποθηκεύτηκε σε:
| Κύριος συγγραφέας: | |
|---|---|
| Μορφή: | Βιβλίο |
| Γλώσσα: | Greek |
| Δημοσίευση: |
Αθήνα :
Εκδόσεις Νέων Τεχνολογιών,
c2003.
|
| Θέματα: | |
| Ετικέτες: |
Προσθήκη ετικέτας
Δεν υπάρχουν, Καταχωρήστε ετικέτα πρώτοι!
|
MARC
| LEADER | 00000cam a2200000 i 4500 | ||
|---|---|---|---|
| 001 | 1/43365 | ||
| 008 | 031026s2003 gr | ||| |||| ||gre|| | ||
| 020 | |a 960810551X | ||
| 035 | |l 10071344 | ||
| 040 | |a GR-MyUa |b gre |e AACR2 | ||
| 041 | 0 | |a gre | |
| 082 | 7 | |a 005.369 |2 (22) | |
| 100 | 1 | |a Αντωνακόπουλος, Κώστας. | |
| 245 | 1 | 0 | |a Βασικές δεξιότητες χρήσης τεχνολογιών πληροφορίας & επικοινωνίας / |c Κ. Αντωνακόπουλος...[κ. ά.]. |
| 260 | |a Αθήνα : |b Εκδόσεις Νέων Τεχνολογιών, |c c2003. | ||
| 300 | |a 543 σ. : |b εικ. ; |c 24 εκ. | ||
| 500 | |a Πιστοποιημένη εκπαιδευτική ύλη ECDL. | ||
| 504 | |a Περιέχει βιβλιογραφικές παραπομπές. | ||
| 505 | 8 | |a Ενότητα 3. Λογιστικά φύλλα -- Ενότητα 4. Επεξεργασία κειμένου -- Ενότητα 6. Παρουσιάσεις -- Ενότητα 7. Διαχείριση πληροφοριών & Επι8κοινωνίες. | |
| 630 | 0 | 0 | |a Microsoft Excel (Computer file) |
| 630 | 0 | 0 | |a Microsoft Word. |
| 630 | 0 | 0 | |a European Computer Driving Licence. |
| 630 | 0 | 0 | |a Microsoft PowerPoint (Computer file) |
| 630 | 0 | 0 | |a Microsoft Access. |
| 650 | 0 | |a Electronic data processing personnel |x Certification |z Europe. | |
| 650 | 0 | |a Word processing |x Examinations |x Study guides. | |
| 650 | 0 | |a Time management |x Computer programms. | |
| 852 | |a INST |b SAMOS |e 20031026 |h 005.369 ΒΑΣ |p 005300023762 |q 005300023762 |t BK |y 0 | ||
| 901 | |a BIBL3-2003-3 | ||
| 922 | |a 3ΕΛΗ |b 200308 |c ΚΥΒ/ΤΠΕΣ |d ΠΑΠΑΣΩΤΗΡΙΟΥ | ||
| 950 | |a 133-2003-08-26 | ||
| 970 | |a ΚΟΣΙΕΡΗΣ |b ΧΡΗΣΤΟΣ |z 2003/11/04 | ||